Southville International School and Colleges
Your cart is empty.
  • Cart
  • Lists
    Public lists Eva Luna New books Lux_list list_1
    Your lists Log in to create your own lists
  • Log in to your account
  • Your cookies
  • Search history
Southville International School and Colleges
  • Advanced search
  • Recent comments
  • Most popular
  • Libraries

Log in to your account

Log in with GOOGLE


If you do not have an external account, but do have a local account, you can still log in:

  1. Home
  2. MARC view: The Borrowers avenged /
Normal view MARC view ISBD view

The Borrowers avenged / (Record no. 33716)

[ view plain ]
MARC details
000 -LEADER
fixed length control field 00959pam a2200337 a 4500
001 - CONTROL NUMBER
control field 2806982
003 - CONTROL NUMBER IDENTIFIER
control field OSt
005 - DATE AND TIME OF LATEST TRANSACTION
control field 20140310184335.0
008 - FIXED-LENGTH DATA ELEMENTS--GENERAL INFORMATION
fixed length control field 820713s1982 nyua j 000 1 eng
010 ## - LIBRARY OF CONGRESS CONTROL NUMBER
LC control number 82047937
020 ## - INTERNATIONAL STANDARD BOOK NUMBER
International Standard Book Number 0439323428
040 ## - CATALOGING SOURCE
Original cataloging agency DLC
Transcribing agency DLC
Modifying agency DLC
042 ## - AUTHENTICATION CODE
Authentication code lcac
050 00 - LIBRARY OF CONGRESS CALL NUMBER
Classification number PZ 7
Item number .N8248Bo 2001
100 1# - MAIN ENTRY--PERSONAL NAME
Personal name Norton, Mary.
9 (RLIN) 24059
245 14 - TITLE STATEMENT
Title The Borrowers avenged /
Statement of responsibility, etc Mary Norton ; illustrated by Beth and Joe Krush.
250 ## - EDITION STATEMENT
Edition statement 1st ed.
260 ## - PUBLICATION, DISTRIBUTION, ETC. (IMPRINT)
Place of publication, distribution, etc New York :
Name of publisher, distributor, etc scholastic
Date of publication, distribution, etc 2001
300 ## - PHYSICAL DESCRIPTION
Extent 298 p. :
Other physical details ill. ;
Dimensions 19 cm.
521 ## - TARGET AUDIENCE NOTE
Target audience note
526 ## - STUDY PROGRAM INFORMATION NOTE
Reading level 770
562 ## - COPY AND VERSION IDENTIFICATION NOTE
Number of copies 1
650 #1 - SUBJECT ADDED ENTRY--TOPICAL TERM
Topical term or geographic name as entry element Fantasy.
9 (RLIN) 3293
700 1# - ADDED ENTRY--PERSONAL NAME
Personal name Krush, Beth,
Relator term ill.
9 (RLIN) 24060
700 1# - ADDED ENTRY--PERSONAL NAME
Personal name Krush, Joe,
Relator term ill.
9 (RLIN) 24061
856 42 - ELECTRONIC LOCATION AND ACCESS
Materials specified Publisher description
Uniform Resource Identifier <a href="http://www.loc.gov/catdir/description/har041/82047937.html">http://www.loc.gov/catdir/description/har041/82047937.html</a>
906 ## - LOCAL DATA ELEMENT F, LDF (RLIN)
a 7
b cbc
c orignew
d 1
e ocip
f 19
g y-gencatlg
942 ## - ADDED ENTRY ELEMENTS (KOHA)
Source of classification or shelving scheme Library of Congress Classification
Koha item type
Holdings
Withdrawn status Lost status Source of classification or shelving scheme Damaged status Home library Current library Shelving location Date acquired Total Checkouts Full call number Barcode Date last seen Date checked out Copy number Price effective from Koha item type
    Library of Congress Classification   Luxembourg Library Luxembourg Library Scholastic Reading Center Section 10/05/2013 1 PZ 7 .N8248Bm 2001 LEX0866 04/18/2017 01/18/2017 1 10/05/2013 Books
    Library of Congress Classification   Luxembourg Library Luxembourg Library Scholastic Reading Center Section 10/11/2013   PZ 7 .N8248Bm 2001 LEX2578 04/18/2017   2 10/11/2013 Books
    Library of Congress Classification   Luxembourg Library Luxembourg Library Scholastic Reading Center Section 10/11/2013   PZ 7 .N8248Bm 2001 LEX2464 04/18/2017   3 10/11/2013 Books

The Borrowers avenged /

APA

Norton M., Krush B. & Krush J. (2001). The Borrowers avenged. New York: scholastic.

Chicago

Norton Mary, Krush Beth and Krush Joe. 2001. The Borrowers avenged. New York: scholastic.

Harvard

Norton M., Krush B. and Krush J. (2001). The Borrowers avenged. New York: scholastic.

MLA

Norton Mary, Krush Beth and Krush Joe. The Borrowers avenged. New York: scholastic. 2001.

  • Place hold
  • Print
  • Cite
  • Add to your cart (remove)
  • Save record
    BIBTEX Dublin Core MARCXML MARC (non-Unicode/MARC-8) MARC (Unicode/UTF-8) MARC (Unicode/UTF-8, Standard) MODS (XML) RIS
  • More searches
    Search for this title in:
    Other Libraries (WorldCat) Other Databases (Google Scholar) Online Stores (Bookfinder.com) Open Library (openlibrary.org)

Exporting to Dublin Core...

SOUTHVILLE LIBRARY

Southville International School and Colleges Library

1281 Tropical Ave. Cor. Luxembourg St., BF Homes International, Las Pinas City

Tel. No. 8256374 / 252358 Loc. 117/146

Powered by Koha